| 000 | 00354nam a2200145Ia 4500 | ||
|---|---|---|---|
| 008 | 230917s9999||||xx |||||||||||||| ||und|| | ||
| 040 |
_e42660 _aMAIN |
||
| 041 | _aEnglish | ||
| 082 | _a942 O1H | ||
| 100 | _aMarriott, J A R | ||
| 245 | 0 | _aEngland since waterloo | |
| 260 |
_aDelhi _bSurjeet Publications _c1977 |
||
| 300 | _axix, 458 p. | ||
| 942 | _cBK | ||
| 999 |
_c182860 _d182860 |
||